Loading...
| Mythology | 0 | 2 | 0 | 0 | 20 | 72 | 86.50 | 0 | 0 | 0.00 | 0.00 |
| Science - Biology | 0 | 3 | 2 | 0 | 20 | 48 | 60.00 | 0 | 1 | 0.00 | 0.00 |
| Literature - World | 0 | 2 | 1 | 0 | 15 | 99 | 104.50 | 0 | 0 | 0.00 | 0.00 |
| Science - Chemistry | 0 | 2 | 1 | 1 | 15 | 81 | 92.50 | 0 | 0 | 0.00 | 0.00 |
| Science - Physics | 0 | 2 | 1 | 2 | 15 | 102 | 103.50 | 0 | 0 | 0.00 | 0.00 |
| Religion | 0 | 1 | 0 | 0 | 10 | 119 | 119.00 | 0 | 0 | 0.00 | 0.00 |
| Science - Other | 0 | 1 | 0 | 0 | 10 | 96 | 96.00 | 0 | 0 | 0.00 | 0.00 |
| Philosophy | 0 | 1 | 0 | 0 | 10 | 105 | 105.00 | 0 | 0 | 0.00 | 0.00 |
| Fine Arts - Painting and Sculpture | 0 | 1 | 0 | 0 | 10 | 69 | 69.00 | 0 | 1 | 0.00 | 0.00 |
| Literature - British | 0 | 1 | 0 | 0 | 10 | 89 | 89.00 | 0 | 0 | 0.00 | 0.00 |
| Current Events | 0 | 1 | 0 | 0 | 10 | 91 | 91.00 | 0 | 0 | 0.00 | 0.00 |
| Popular Culture | 0 | 1 | 0 | 0 | 10 | 116 | 116.00 | 0 | 0 | 0.00 | 0.00 |
| Literature - American | 0 | 0 | 1 | 0 | -5 | 0.00 | 0 | 0 | 0.00 | 0.00 |